Metsittyneimmät Euroopan valtiot - Statistics

Yleistilastot
  • Tätä visaa on pelattu 5 419 kertaa
    3 541 viimeisimmän päivityksen jälkeen
  • Keskiarvotulos 7 / 10
Vastaustilastot
% Valtio % Oikein
66,2 Suomi
100%
62,1 Ruotsi
99%
47,7 Venäjä
92%
53,9 Viro
91%
52,8 Latvia
90%
42,2 Valko-Venäjä
62%
46,5 Itävalta
53%
61,1 Slovenia
51%
42,7 Bosnia ja Hertsegovina
29%
59,9 Montenegro
26%
Ehtoja vastaavia visoja ei löytynyt
Tulosjakauma
Jokaisen tuloksen saaneiden osuus
Persentiili vastausten määrän mukaan
Tuloshistoriasi
Et ole pelannut tätä visaa sen viimeisimmän päivityksen jälkeen